| 000 | 00463nam 22001693 4500 | ||
|---|---|---|---|
| 001 | 202119 | ||
| 090 | _a202119 | ||
| 100 | _a20260511d u||y0pory50 ba | ||
| 200 |
_aComentar a arquitectura _fNeil Stevenson |
||
| 210 |
_aPorto _cCivilização Editora _d[19--?] |
||
| 215 |
_a112 p. _cencadernado _d35 cm |
||
| 606 |
_94600 _aArquitetura |
||
| 675 |
_a72 _vPT _zpor |
||
| 700 |
_917279 _aStevenson _bNeil |
||
| 801 |
_aPT _bBMMN _gRPC |
||
| 830 |
_cFernando _fFernando |
||
| 990 | _cLIVROS | ||